00550nam a2200217 a 4500001001300000003000900013005001700022008004100039020001000080082001600090100002000106245002000126260002600146300000900172500003500181505001000216650002600226650002900252650003100281700002000312nice12345678IN_TiNIC20260116015131.0050524s1958 lona grp 000 0 eng  ac10000a239.09bBAR aBarcly, William aMind of St Paul aLondonbCollinsc1958 a192p aincludes index and biblioraphy2 aNotes aSaint Pauls Cathedral aBible N.T. Epistles Paul aTheology-Doctrinal-History1 aBarcly, William